Harry Potter Quiz Stats

 Plays Quiz not verified by Sporcle

Challenge
Share
Tweet
Embed
Score 0/77 Timer 15:00
0 Plays Today
Hint Answer % Correct
Weasley'sFred
93.7%
Weasley'sGeorge
93.2%
Weasley'sRon
93.2%
Weasley'sMolly
92.3%
Weasley'sGinny
92.3%
Weasley'sPercy
91.9%
HorcruxesHarry
91%
Weasley'sArthur
90.5%
Weasley'sCharlie
90%
HousesRavenclaw
90%
HousesHufflepuff
90%
HousesSlytherin
89.1%
HorcruxesDiary
88.7%
Weasley'sBill
88.7%
HousesGryffindor
88.7%
House ElvesDobby
88.7%
HorcruxesNagini
87.8%
Deathly HallowsElder Wand
86.9%
HorcruxesRing
86%
HorcruxesDiadem
86%
HorcruxesCup
84.6%
House ElvesKreacher
84.6%
Defence Against the Dark Arts TeachersRemus Lupin
84.6%
AnimagiSirius Black
83.7%
SubjectsPotions
83.3%
HorcruxesLocket
82.8%
Defence Against the Dark Arts TeachersSeverus Snape
82.8%
AnimagiMinerva Mcgonagall
81.9%
Deathly HallowsInvisibility Cloak
81%
AnimagiJames Potter
80.5%
Defence Against the Dark Arts TeachersGilderoy Lockhart
80.5%
AnimagiPeter Pettigrew
80.1%
SubjectsDefence Against the Dark Arts
78.7%
Books in the SeriesHarry Potter and the Goblet of Fire
78.7%
Books in the SeriesHarry Potter and the Chamber of Secrets
78.3%
Defence Against the Dark Arts TeachersDolores Umbridge
78.3%
Books in the SeriesHarry Potter and the Order of the Phoenix
77.8%
Books in the SeriesHarry Potter and the Deathly Hallows
77.8%
Deathly HallowsResurrection Stone
77.4%
Hint Answer % Correct
Books in the SeriesHarry Potter and the Half Blood Prince
77.4%
House ElvesWinky
76.9%
SubjectsTransfiguration
76.9%
SubjectsCharms
76.9%
Books in the SeriesHarry Potter and the Philosopher's Stone
76.9%
Defence Against the Dark Arts TeachersQuirinus Quirrell
76.9%
Defence Against the Dark Arts TeachersBarty Crouch Jr. (Disguised as Alastor 'Mad Eye' Moody)
76.9%
MugglesDudley Dursley
76.9%
MaraudersPadfoot
76.9%
Books in the SeriesHarry Potter and the Prisoner of Azkaban
76.5%
MugglesVernon Dursley
75.1%
MugglesPetunia Dursley
75.1%
MaraudersProngs
75%
AnimagiRita Skeeter
74.7%
Rubeus Hagrid's PetsFang
74.7%
MaraudersWormtail
74.5%
Rubeus Hagrid's PetsBuckbeak
73.3%
SubjectsDivination
72.9%
MaraudersMoony
71.6%
SubjectsHerbology
70.6%
Rubeus Hagrid's PetsAragog
70.1%
Rubeus Hagrid's PetsNorbert(a)
69.7%
Rubeus Hagrid's PetsFluffy
69.2%
SubjectsCare of Magical Creatures
65.6%
SubjectsHistory of Magic
64.7%
Defence Against the Dark Arts TeachersAlecto Carrow
64.3%
SubjectsAstronomy
63.8%
SubjectsMuggle Studies
62.9%
House ElvesHokey
62.4%
SubjectsFlying
58.4%
SubjectsArithmancy
57%
SubjectsStudy of Ancient Runes
56.1%
MugglesMarjorie Dursley
52%
MugglesMrs. Granger
37.4%
MugglesMr. Granger
37.4%
MugglesFrank Bryce
35.3%
MugglesTom Riddle Sr.
21.3%
MugglesMrs. Cole
13.1%

You're not logged in!

Compare scores with friends on all Sporcle quizzes.
OR
Log In

You Might Also Like...

Show Comments

Extras

Created May 31, 2017ReportNominate
Tags:Harry Potter Quiz

Top Quizzes Today


Score Distribution

Your Account Isn't Verified!

In order to create a playlist on Sporcle, you need to verify the email address you used during registration. Go to your Sporcle Settings to finish the process.

Report this User

Report this user for behavior that violates our Community Guidelines.

Details: